000 00646nam a22002177a 4500
005 20150522151904.0
008 140714b xxu||||| |||| 00| 0 Urdu d
010 _aUR-8958
020 _c70.00
035 _aU-7513
037 _bBPPD/Pub/Ven
040 _aDPL
_bUrdu
082 _a841
100 _aمد حت ا لاختر
245 _aا ر تبا ط
_cمد حت ا لاختر
246 h _a‏Artabat
_bBy Midhat ul Akhtar
260 _bIdeal Publication House,
_c2013
_aMaharashtra
270 _aNaya Bazar Kampti
_bKamptee
_k9421803478
_e441002
300 _a144ص
_c22Cm (Hb)
942 _2ddc
_cUR
_e
_h841
_mم د ح
999 _c93893
_d93893